banner koha

Tratamento de fratura de escápula com luxação da articulação escápulo-umeral em um cão por meio de cerclagem e transposição do tendão do músculo bíceps braquial - Relato de caso (Registro n. 215571)

MARC details
000 -LÍDER
campo de controle de tamanho fixo 01215nas a2200313 4500
001 - NÚMERO DE CONTROLE
campo de controle BR2011007240
003 - IDENTIFICADOR DO NÚMERO DE CONTROLE
campo de controle BR-BrBNA
005 - DATA E HORÁRIO DA ÚLTIMA TRANSAÇÃO
campo de controle 20231205115748.0
007 - CAMPO FIXO DE DESCRIÇÃO FÍSICA--INFORMAÇÃO GERAL
campo de controle de tamanho fixo ta
008 - CAMPO DE DADOS FIXOS--INFORMAÇÃO GERAL
campo de controle de tamanho fixo 230509b bl.|||p| |||| 00| 00por d
040 ## - FONTE DA CATALOGAÇÃO
Instituição da catalogação original BR-BrBNA
Idioma da catalogação por
Instituição que transcreveu o registro Biblioteca Nacional de Agricultura
041 ## - CÓDIGO DE IDIOMA
Código do idioma do texto/trilha sonora ou título diferente (Pt)
072 ## - CÓDIGO DE CATEGORIA DE ASSUNTO
Código de Categoria de Assunto L70; L74
100 1# - ENTRADA PRINCIPAL--NOME PESSOAL
Nome pessoal Assis, M.M.Q.
100 1# - ENTRADA PRINCIPAL--NOME PESSOAL
Nome pessoal Savoldi, T.L.
100 1# - ENTRADA PRINCIPAL--NOME PESSOAL
Nome pessoal Conti, J.B. de
100 1# - ENTRADA PRINCIPAL--NOME PESSOAL
Nome pessoal Giovanelli, D.F.
100 1# - ENTRADA PRINCIPAL--NOME PESSOAL
Nome pessoal Pachaly, J.R.
245 1# - TÍTULO
Título Tratamento de fratura de escápula com luxação da articulação escápulo-umeral em um cão por meio de cerclagem e transposição do tendão do músculo bíceps braquial - Relato de caso
246 1# - FORMA VARIANTE DO TÍTULO
Título/título abreviado Treatment of scapular fracture with luxation of the scapulo-humeral joint by cerclage and transposition of the brachial biceps tendon - Case report
650 ## - ASSUNTO--TERMO TÓPICO
Cabeçalho tópico ou nome geográfico CÃO
650 ## - ASSUNTO--TERMO TÓPICO
Cabeçalho tópico ou nome geográfico OSSO
650 ## - ASSUNTO--TERMO TÓPICO
Cabeçalho tópico ou nome geográfico FRATURA
650 ## - ASSUNTO--TERMO TÓPICO
Cabeçalho tópico ou nome geográfico CIRURGIA
650 ## - ASSUNTO--TERMO TÓPICO
Cabeçalho tópico ou nome geográfico TRATAMENTO
773 0# - ENTRADA ANALÍTICA
Título MEDVEP. Revista Científica de Medicina Veterinária. Pequenos Animais e Animais de Estimação (Brazil)
ISSN - International Standard Serial Number ISSN 1678-1430
Partes relacionadas (Apr-Jun 2010), v. 8(25) p. 310-313
Número de controle do registro BR2011007240
909 ## -
-- 202311
-- Lúcia
-- 55
-- Lúcia Elande
942 ## - ELEMENTOS DE ENTRADA ADICIONADOS (KOHA)
Fonte da classificação ou esquema de arquivamento na estante Classificação AGRIS
Ocultar no OPAC Não
Tipo de material Koha Analítica
Exemplares
Situação do descarte Fonte da classificação ou esquema de arquivamento na estante Situação física Não pode ser emprestado Biblioteca de origem Biblioteca atual Localização na estante Enumeração do periódico / cronologia Total de empréstimos Data de último acesso Número do exemplar Tipo de material Koha Fonte de aquisição
  Classificação AGRIS   Consulta local Biblioteca Nacional de Agricultura - Binagri Biblioteca Nacional de Agricultura - Binagri   (Apr-Jun 2010), v. 8(25) p. 310-313   29/11/2023 01 Periódicos Portaria Interministerial nº 164/94

BINAGRI

Telefone: (61)3218-2567/2388/3357/2097 - binagri@agro.gov.br

Ministério da Agricultura e Pecuária , Esplanada dos Ministérios, Bloco D, Anexo B, Brasília/DF, CEP: 70.043-900